Administration in the Church / (Record no. 3485)

MARC details
000 -LEADER
fixed length control field 00444nam a2200157Ia 4500
003 - CONTROL NUMBER IDENTIFIER
control field GBCCL
005 - DATE AND TIME OF LATEST TRANSACTION
control field 20241126110456.0
008 - FIXED-LENGTH DATA ELEMENTS--GENERAL INFORMATION
fixed length control field 171128b xxu||||| |||| 00| 0 eng d
040 ## - CATALOGING SOURCE
Transcribing agency gbc
082 ## - DEWEY DECIMAL CLASSIFICATION NUMBER
Classification number 262.0068
Item number ADA
245 ## - TITLE STATEMENT
Title Administration in the Church /
Statement of responsibility, etc. Edited by Arthur M. Adams
260 ## - PUBLICATION, DISTRIBUTION, ETC.
Name of publisher, distributor, etc. United Presbyterian Church,
Place of publication, distribution, etc. Philadelphia:
Date of publication, distribution, etc. 1970
300 ## - PHYSICAL DESCRIPTION
Extent 74p.;
Dimensions 23 cm.
650 ## - SUBJECT ADDED ENTRY--TOPICAL TERM
Topical term or geographic name entry element Church
Form subdivision Administration
9 (RLIN) 7028
942 ## - ADDED ENTRY ELEMENTS (KOHA)
Source of classification or shelving scheme Dewey Decimal Classification
Koha item type Books
Koha issues (borrowed), all copies 7
Holdings
Withdrawn status Lost status Source of classification or shelving scheme Damaged status Not for loan Home library Current Library Shelving location Date acquired Total checkouts Full call number Barcode Date last seen Date last checked out Copy number Price effective from Koha item type
    Dewey Decimal Classification     GRACE BIBLE COLLEGE GRACE BIBLE COLLEGE Ministry & Mission 2017-11-28 7 262.0068 ADA 002323 2025-05-01 2024-07-22 c.1 2017-11-28 Books
© Grace Bible College Library 2025